Guess the Hip Hop Album by song and artist - Estadísticas

Estadísticas generales
  • Esta prueba ha sido intentada 57 veces
  • La puntuación promedio es 10 de 34
Estadísticas de respuestas
Song Artist Respuesta % Correcto
BUTTERFLY EFFECT Travis Scott Astroworld
75%
Sky Playboi Carti Whole Lotta Red
74%
King Kunta Kendrick Lamar To Pimp a Butterfly
72%
Who Dat Boy Tyler, The Creator Flower Boy
49%
4th Dimension Kanye West Kids See Ghosts
49%
Jocelyn Flores XXXTentacion 17
45%
`Till i Collapse Eminem The Eminem Show
45%
Ambitionz Az a Ridah Tupac All Eyez On Me
43%
XO TOUR Llif3 Lil Uzi Vert Luv Is Rage 2
43%
Runnin 21 Savage Savage Mode 2
43%
Praise The Lord A$AP Rocky Testing
42%
All Girls Are The Same Juice WRLD Goodbye and Good Riddance
36%
The Story of O.J. Jay-Z 4:44
34%
Nuthin´ But a ``G´´Thang Dr. Dre The Chronic
34%
No Role Modelz J. Cole 2014 Forest Hills Drive
32%
Gin and Juice Snoop Dogg Doggystyle
28%
Hot Young Thug So Much Fun
28%
Walk It Talk It Migos Culture 2
23%
If You Know You Know Pusha T Daytona
23%
Chicago Freestyle Drake Dark Lane Demo Tapes
21%
Suge DaBaby Baby on Baby
15%
Cardigan Don Toliver Heaven or Hell
13%
Yes Indeed Lil Baby Harder Than Ever
11%
Nuketown Ski Mask The Slump God Stokeley
11%
Posted With Demons Future High Off Life
9%
Drip Too Hard Gunna Drip Harder
8%
Rapstar Polo G Hall of Fame
8%
Crank That Soulja Boy Souljaboytellem.com
8%
Demon Time Trippie Redd Trip at Knight
8%
Hood Rich Lil Tjay Destined 2 Win
6%
Harden Lil Wayne Funeral
6%
Icy Gucci Mane Trap House
6%
No Interviews Lil Durk 7220
2%
Shotta Flow 6 NLE Choppa Me vs. Me
2%
No se encontraron pruebas coincidentes
Distribución de puntuación
Porcentaje de gente con cada puntuación
Porcentaje por número respondido
Historial de tus puntuaciones
No has intentado esta prueba.